000 00704nam a2200205Ii 4500
003 JO-AjNU
008 230605s9999||||xx |||||||||||||| ||und||
040 _aJO-AjNU
_bara
_erda
_cJO-AjNU
041 _aara
050 1 4 _aK5059.H87
100 3 _a حسنى، محمود نجيب ,
_eauthor
_941340
245 0 0 _aعلاقة السببية في قانون العقوبات
250 _a(د،ط)
264 3 1 _aالقاهرة : دار النهضة العربية
300 _a483ص
336 _atext
_btxt
_2rdacontent
337 _aunmediated
_bn
_2rdamedia
338 _avolume
_bnc
_2rdacarrier
650 4 _aقانون العقوبات -- السببية ( قانون جنائي ) -- مصر
_941341
999 _aA17618
_c21186
_d21186